Účtovná závierka v PÚ

Účtovná závierka podvojnom účtovníctve. Schéma 1 - Proces účtovnej závierky. Východiská pre účtovnú závierku. Proces účtovnej závierky. Daňová analýza. Účtovná závierka. Prípady účtovné. Vzor súvahy v plnom rozsahu. Vzor výkazu ziskov a strát.

Salvato in:
Dettagli Bibliografici
Autore principale: Takács, Zoltán
Natura: Capitolo di libro
Lingua:slovacco
Soggetti:
Tags: Aggiungi Tag
Nessun Tag, puoi essere il primo ad aggiungerne!!

MARC

LEADER 00000naa a2200000 4500
001 r047440
005 20230711121137.6
041 0 |a slo 
044 |a SK 
245 1 0 |a Účtovná závierka v PÚ  |c Zoltán Takács 
520 |a Účtovná závierka podvojnom účtovníctve. Schéma 1 - Proces účtovnej závierky. Východiská pre účtovnú závierku. Proces účtovnej závierky. Daňová analýza. Účtovná závierka. Prípady účtovné. Vzor súvahy v plnom rozsahu. Vzor výkazu ziskov a strát. 
610 2 0 |a závierka účtovná 
610 2 0 |a účtovníctvo podvojné 
610 2 0 |a účtovanie 
610 2 0 |a výkazy účtovné 
610 2 0 |a výkaz ziskov a strát 
610 2 0 |a súvaha 
610 2 0 |a prípady účtovné 
100 1 |a Takács, Zoltán